Beginning of the 'End' Quiz Stats

 Plays Quiz Updated Sep 9, 2017

Challenge
Share
Tweet
Embed
Score 0/20 Timer 06:00
0 Plays Today
% Correct
Endless
91.7%
Endnote
91.4%
Endanger
91.3%
Endear
89.4%
Endorse
89.2%
Endeavor
88.1%
Endurance
87.9%
Endoscope
87.7%
Endothermic
86.5%
Endocardium
86.1%
% Correct
Endogamy
85.4%
Endow
83.7%
Endive
83.7%
Endymion
80.7%
Endermic
77.1%
Endochrome
76.1%
Endemic
73.4%
Endocrine
73.1%
Endomysium
62.3%
Endopathic
61.6%

You're not logged in!

Compare scores with friends on all Sporcle quizzes.
Join for Free
OR
Log In

You Might Also Like...

Show Comments

Extras

Top Quizzes Today


Score Distribution

Your Account Isn't Verified!

In order to create a playlist on Sporcle, you need to verify the email address you used during registration. Go to your Sporcle Settings to finish the process.

Report this User

Report this user for behavior that violates our Community Guidelines.

Details: